ALL Maryland Cities - Statistics

General Stats
  • This quiz has been taken 214 times
  • The average score is 23 of 157
Answer Stats
County Municipality % Correct
B Baltimore
92%
A Anne Arundel Annapolis‡
80%
F Frederick Frederick
69%
R Montgomery Rockville
63%
G Montgomery Gaithersburg
59%
H Washington Hagerstown
59%
S Wicomico Salisbury
52%
O Worcester Ocean City
51%
C Prince George's College Park
48%
C Montgomery Chevy Chase
44%
C Allegany Cumberland
44%
B Prince George's Bowie
43%
B Harford Bel Air
41%
H Harford Havre de Grace
41%
A Harford Aberdeen
37%
T Montgomery Takoma Park
37%
E Talbot Easton
36%
H Prince George's Hyattsville
32%
L Prince George's Laurel
32%
C Dorchester Cambridge
30%
O Garrett Oakland
30%
W Carroll Westminster
30%
G Prince George's Greenbelt
29%
B Worcester Berlin
28%
F Allegany Frostburg
28%
H Washington Hancock
28%
P Montgomery Poolesville
25%
E Cecil Elkton
24%
C Kent Chestertown
22%
L Charles La Plata
22%
A Garrett Accident
21%
D Caroline Denton
21%
T Frederick Thurmont
21%
U Prince George's Upper Marlboro
21%
K Montgomery Kensington
20%
M Carroll and Frederick Mount Airy
19%
E Frederick Emmitsburg
18%
P Somerset Princess Anne
18%
S Worcester Snow Hill
18%
S Talbot St. Michaels
18%
B Frederick Brunswick
17%
L St. Mary's Leonardtown
17%
N Cecil North East
17%
B Washington Boonsboro
16%
M Frederick Middletown
16%
N Prince George's New Carrollton
16%
F Caroline Federalsburg
15%
S Washington Sharpsburg
15%
T Carroll Taneytown
15%
C Queen Anne's Centreville
14%
M Carroll Manchester
14%
P Worcester Pocomoke City
14%
D Wicomico Delmar
13%
Q Queen Anne's and Talbot Queen Anne
13%
W Frederick Walkersville
13%
W Washington Williamsport
13%
C Washington Clear Spring
12%
P Cecil Perryville
12%
B Prince George's Bladensburg
11%
F Garrett Friendsville
11%
F Wicomico Fruitland
11%
N Frederick New Market
11%
O Talbot Oxford
11%
Q Queen Anne's Queenstown
11%
S Washington Smithsburg
11%
S Montgomery Somerset
11%
S Carroll Sykesville
11%
B Montgomery Barnesville
10%
C Prince George's Capitol Heights
10%
C Calvert Chesapeake Beach
10%
C Montgomery Chevy Chase Village
10%
C Somerset Crisfield
10%
F Washington Funkstown
10%
H Carroll Hampstead
10%
M Frederick Myersville
10%
R Cecil Rising Sun
10%
U Carroll Union Bridge
10%
B Frederick Burkittsville
9%
C Cecil Cecilton
9%
C Cecil Charlestown
9%
C Prince George's Cheverly
9%
G Garrett Grantsville
9%
G Caroline Greensboro
9%
P Cecil Port Deposit
9%
M Prince George's Mount Rainier
8%
U Prince George's University Park
8%
W Allegany Westernport
8%
W Frederick Woodsboro
8%
C Cecil Chesapeake City
7%
D Garrett Deer Park
7%
H Dorchester Hurlock
7%
I Charles Indian Head
7%
K Washington Keedysville
7%
L Montgomery Laytonsville
7%
M Caroline Marydel
7%
N Carroll New Windsor
7%
N Calvert North Beach
7%
B Montgomery Brookeville
6%
D Prince George's District Heights
6%
G Montgomery Garrett Park
6%
H Anne Arundel Highland Beach
6%
L Allegany Lonaconing
6%
M Garrett Mountain Lake Park
6%
N Montgomery North Chevy Chase
6%
P Caroline Preston
6%
R Frederick Rosemont
6%
T Talbot Trappe
6%
B Queen Anne's Barclay
5%
B Prince George's Berwyn Heights
5%
E Dorchester East New Market
5%
G Montgomery Glen Echo
5%
K Garrett Kitzmiller
5%
L Garrett Loch Lynn Heights
5%
M Kent and Queen Anne's Millington
5%
R Caroline Ridgely
5%
R Prince George's Riverdale Park
5%
R Kent Rock Hall
5%
S Queen Anne's Sudlersville
5%
V Dorchester Vienna
5%
W Montgomery Washington Grove
5%
B Kent Betterton
4%
C Prince George's Colmar Manor
4%
L Allegany Luke
4%
M Montgomery Martin's Additions
4%
S Dorchester Secretary
4%
S Wicomico Sharptown
4%
B Prince George's Brentwood
3%
C Montgomery Chevy Chase Section Five
3%
C Montgomery Chevy Chase View
3%
C Prince George's Cottage City
3%
F Prince George's Forest Heights
3%
G Kent Galena
3%
G Caroline Goldsboro
3%
H Wicomico Hebron
3%
H Caroline Hillsboro
3%
L Prince George's Landover Hills
3%
M Wicomico Mardela Springs
3%
M Prince George's Morningside
3%
P Wicomico Pittsville
3%
P Charles Port Tobacco Village
3%
S Prince George's Seat Pleasant
3%
W Wicomico Willards
3%
B Dorchester Brookview
2%
C Montgomery Chevy Chase Section Three
2%
C Queen Anne's Church Hill
2%
E Prince George's Eagle Harbor
2%
E Prince George's Edmonston
2%
E Dorchester Eldorado
2%
G Dorchester Galestown
2%
G Prince George's Glenarden
2%
H Caroline Henderson
2%
T Caroline and Queen Anne's Templeville
2%
B Allegany Barton
1%
C Dorchester Church Creek
1%
F Prince George's Fairmount Heights
1%
M Allegany Midland
1%
N Prince George's North Brentwood
1%
No matching quizzes found
Score Distribution
Percent of People with Each Score
Percentile by Number Answered
Your Score History
You have not taken this quiz